Romantic Mystery Song (Figure Out the Lyrics) Quiz Stats

 Plays Quiz not verified by Sporcle

Support Sporcle.
Go Orange.
Score 0/174 Timer 08:00
0 Plays Today
Lyrics % Correct
a
92.8%
a
92.8%
a
92.8%
a
92.8%
a
92.8%
a
92.8%
a
92.8%
I
90.7%
I
90.7%
I
90.7%
I
90.7%
I
90.7%
I
90.7%
I
90.7%
I
90.7%
I
90.7%
I
90.7%
the
89.7%
the
89.7%
the
89.7%
the
89.7%
the
89.7%
the
89.7%
the
89.7%
the
89.7%
the
89.7%
you
88.7%
you.
88.7%
you
88.7%
you
88.7%
you
88.7%
you
88.7%
love
84.5%
love
84.5%
love
84.5%
love
84.5%
love
84.5%
love
84.5%
And
83.5%
And
83.5%
And
83.5%
And
83.5%
it
79.4%
be
77.3%
me
77.3%
me
77.3%
me
77.3%
in
76.3%
in
76.3%
in
76.3%
in
76.3%
in
76.3%
we
74.2%
We
74.2%
we
74.2%
on
72.2%
are
70.1%
that
70.1%
Lyrics % Correct
are
70.1%
that
70.1%
that
70.1%
are
70.1%
are
70.1%
that
70.1%
are
70.1%
that
70.1%
will
68%
will
68%
you're
68%
will
68%
will
68%
It's
64.9%
it's
64.9%
It's
64.9%
so
63.9%
There
62.9%
like
62.9%
There
62.9%
There
62.9%
like
62.9%
there
62.9%
can
61.9%
one
61.9%
with
60.8%
of
60.8%
of
60.8%
with
60.8%
of
60.8%
I'm
59.8%
know
57.7%
know
57.7%
always
55.7%
can't
54.6%
but
54.6%
but
54.6%
all.
54.6%
can't
54.6%
from
52.6%
ever
51.5%
say
50.5%
day,
50.5%
say.
50.5%
thing
49.5%
every
49.5%
We're
49.5%
I'll
49.5%
every
49.5%
thing
49.5%
don't
47.4%
or
45.4%
just
44.3%
give
44.3%
That's
42.3%
That's
42.3%
by
42.3%
More
42.3%
Lyrics % Correct
most
42.3%
That's
42.3%
our
41.2%
world.
41.2%
world
41.2%
our
41.2%
night.
40.2%
true,
37.1%
never
36.1%
million
35.1%
till
35.1%
die.
35.1%
million
35.1%
till
35.1%
die.
35.1%
million
35.1%
till
35.1%
die.
35.1%
nine
34%
nine
34%
nine
34%
fact.
33%
fact
33%
people
33%
less.
33%
fact.
33%
fact
33%
bicycles
32%
deny,
32%
feel
32%
bicycles
32%
deny,
32%
bicycles
32%
Beijing.
29.9%
light
29.9%
makes
29.9%
Beijing.
29.9%
Beijing.
29.9%
No-one
28.9%
believe
28.9%
everything
28.9%
billion
27.8%
six
27.8%
billion
27.8%
call
25.8%
twelve
24.7%
years
24.7%
guess.
23.7%
tire
22.7%
edge.
21.6%
liar,
21.6%
fire
20.6%
small,
19.6%
high
19.6%
quite
18.6%
wire,
18.6%
sight.
17.5%
warmed
15.5%

You're not logged in!

Compare scores with friends on all Sporcle quizzes.
OR
Log In

From the Vault

Land Vehicles

by PrincessMartell

Take this quiz out for a test drive.
Remove Ads.
Support Sporcle.
Get the best of Sporcle when you Go Orange. This ad-free experience offers more features, more stats, and more fun while also helping to support Sporcle. Thank you for becoming a member.

Show Comments

Extras

Top Quizzes Today


Score Distribution

Your Account Isn't Verified!

In order to create a playlist on Sporcle, you need to verify the email address you used during registration. Go to your Sporcle Settings to finish the process.

Report this User

Report this user for behavior that violates our Community Guidelines.

Details: